000 02071cam a22004217a 4500
001 16349190
003 Nust- CAS-E
005 20180118181410.0
008 100726s2009 gw a b 001 0 eng
010 _a 2010483046
015 _aGBA894584
_2bnb
016 7 _a014681067
_2Uk
020 _a9783527408573 (pbk.)
020 _a3527408576 (pbk.)
035 _a(OCoLC)ocn315063311
040 _aUKM
_beng
_cUKM
_dOCLCQ
_dBWX
_dYDXCP
_dOHX
_dCUV
_dAGL
_dCDX
_dHEBIS
_dUWW
_dEUM
_dOCLCQ
_dDLC
042 _aukblsr
_alccopycat
050 0 0 _aTK2960
_b.W87 2009
082 0 4 _a621.31244
_222
_bWUR-P 2009
100 1 _aWürfel, Peter,
_cDr.
245 1 0 _aPhysics of solar cells :
_bfrom basic principles to advanced concepts /
_cPeter Würfel ; problems and solutions by Uli Würfel.
250 _a2nd, updated and expanded ed.
260 _aWeinheim :
_bWiley-VCH,
_cc2009.
300 _axii, 244 p. :
_bill. ;
_c24 cm.
490 1 _aPhysics textbook
502 _a0
504 _aIncludes bibliographical references (p. 239-240) and index.
505 0 _a1. Problems of the Energy Economy -- 2. Photons -- 3. Semiconductors -- 4. Conversion of Thermal Radiation into Chemical Energy -- 5. Conversion of Chemical Energy into Electrical Energy -- 6. Basic Structure of Solar Cells -- 7. Limitations on Energy Conversion in Solar Cells -- 8. Concepts for Improving the Efficiency of Solar Cells -- Prospects for the Future -- Solutions.
520 8 _aThis text contains the latest knowledge on the mechanisms of solar energy conversion. Requiring no more than standard physics knowledge, it enables readers to understand the factors driving conversion efficiency and to apply this knowledge to their own solar cell development.
650 0 _aSolar cells.
650 0 _aSolar cells
_vProblems, exercises, etc.
700 1 _aWürfel, Uli.
830 0 _aPhysics textbook.
906 _a7
_bcbc
_ccopycat
_d2
_encip
_f20
_gy-gencatlg
936 _aPR 441942582 316568276 255063761
942 _2ddc
_cBK
999 _c355685
_d355685